| 000 | 01576nam0a22003011 4500 | ||
|---|---|---|---|
| 001 | v19\rc\1960876 | ||
| 005 | 20230411115445.0 | ||
| 035 | _a(NLR Aleph) 005271693 | ||
| 090 |
_a6006354 _c6006354 |
||
| 100 | _a20080428d1913 |||y0rusy50 ca | ||
| 101 | 0 | _arus | |
| 102 | _aRU | ||
| 105 | _aa z ||||| | ||
| 200 | 1 |
_aЗадачи и план организации текущей статистики льна _eК совещ. 15-16 нояб. 1913 г. при Льнян. ком. _fСост. статистик Льнян. ком. С.Г. Петрашкевич _gГл. упр. землеустройства и земледелия. Льнян. ком. _gПод общ. ред. секретаря Ком. Н.И. Малаховского |
|
| 210 |
_aСанкт-Петербург _cЛьнян. ком. _d1913 |
||
| 215 |
_a[4], II, 74 с. _cтабл. _d24 |
||
| 300 | _aАвт. установлен по изд.: Масанов И.Ф. Словарь псевдонимов... М., 1957. Т. 2. С. 359 | ||
| 532 | 1 | 3 | _aЗадачи и план организации текущей статистики льна |
| 700 | 1 |
_aСтрумилин _bС. Г. _f1877-1974 _gСтанислав Густавович _3RU\NLR\AUTH\7790328 _4220 _7ca |
|
| 702 | 1 |
_aМалаховский _bН. И. _f1878- _gНиколай Иванович _4340 |
|
| 801 | 0 |
_aRU _bNLR _c20080428 _gpsbo |
|
| 801 | 0 |
_aRU _bRuMoRGB _c20080428 _2psbo |
|
| 801 | 1 |
_aRU _bProSoft-M _c20080428 _2rusmarc |
|
| 801 | 2 |
_aRU _bNLR _c20100805 _2rusmarc |
|
| 852 |
_aNLR _j37.53.4.59 |
||
| 942 | _cBOOK | ||
| 980 | _aNB | ||